书目信息 |
| 题名: |
元初“中州士大夫”与南北文化统合
|
|
| 作者: | 求芝蓉 著 | |
| 分册: | ||
| 出版信息: | 北京 社会科学文献出版社 2020 |
|
| 页数: | 306页 | |
| 开本: | 24cm | |
| 丛书名: | 北京大学史学丛书 | |
| 单 册: | ||
| 中图分类: | D691.71 | |
| 科图分类: | ||
| 主题词: | 知识分子--zhi shi fen zi--研究--中国--元代 | |
| 电子资源: | ||
| ISBN: | 978-7-5201-6521-1 | |
| 000 | 01397oam2 2200289 450 | |
| 001 | 2160521054 | |
| 005 | 20210926145318.0 | |
| 010 | @a978-7-5201-6521-1@dCNY98.00 | |
| 100 | @a20200807d2020 em y0chiy0120 ea | |
| 101 | 0 | @achi |
| 102 | @aCN@b110000 | |
| 105 | @ak az 001yy | |
| 106 | @ar | |
| 200 | 1 | @a元初“中州士大夫”与南北文化统合@Ayuan chu zhong zhou shi da fu yu nan bei wen hua tong he@f求芝蓉著 |
| 210 | @a北京@c社会科学文献出版社@d2020 | |
| 215 | @a306页@c表格@d24cm | |
| 225 | 2 | @a北京大学史学丛书@Abei jing da xue shi xue cong shu@i青年学者系列 |
| 314 | @a张良驯,北京大学、北京师范大学毕业,博士,中国青少年研究中心副主任,中长期青年发展规划专家委员会委员。 | |
| 320 | @a有书目(第270-287页)和索引 | |
| 330 | @a本书着眼于了解建档立卡贫困人口中大学生就业发展状况,为更好地服务于党和国家脱贫攻坚战略,通过对全国10个省(区、市)20个国家级贫困县的实地调研和实证分析,全面、深入展示了建档立卡贫困人口中大学生的就业走向、就业意愿、就业能力、就业满意度、就业需求以及就业服务等基本情况,分析了制约该群体更充分、更高质量就业的问题与短板,从政府、高校、青年组织、家庭以及青年个体层面提出了促进他们就业发展的政策建议。 | |
| 461 | 0 | @12001 @a北京大学史学丛书 |
| 462 | 0 | @12001 @a青年学者系列 |
| 606 | 0 | @a知识分子@Azhi shi fen zi@x研究@y中国@z元代 |
| 690 | @aD691.71@v5 | |
| 701 | 0 | @a求芝蓉@Aqiu zhi rong@4著 |
| 801 | 0 | @aCN@b百万庄@c20210926 |
| 905 | @b1300879-882@dD691.71@e300@f4 | |
| 元初“中州士大夫”与南北文化统合/求芝蓉著.-北京:社会科学文献出版社,2020 |
| 306页:表格;24cm.-(北京大学史学丛书.青年学者系列) |
| ISBN 978-7-5201-6521-1:CNY98.00 |
| 本书着眼于了解建档立卡贫困人口中大学生就业发展状况,为更好地服务于党和国家脱贫攻坚战略,通过对全国10个省(区、市)20个国家级贫困县的实地调研和实证分析,全面、深入展示了建档立卡贫困人口中大学生的就业走向、就业意愿、就业能力、就业满意度、就业需求以及就业服务等基本情况,分析了制约该群体更充分、更高质量就业的问题与短板,从政府、高校、青年组织、家庭以及青年个体层面提出了促进他们就业发展的政策建议。 |
| ● |
| 相关链接 |
|
|
|
|
正题名:元初"中州士大夫"与南北文化统合
索取号:D691.71/300
 
预约/预借
| 序号 | 登录号 | 条形码 | 馆藏地/架位号 | 状态 | 备注 |
| 1 | 1300879 | 213008797 | 第一样本阅览室/ [索取号:D691.71/300] | 在馆 | |
| 2 | 1300880 | 213008804 | 第一借阅区/ [索取号:D691.71/300] | 在馆 | |
| 3 | 1300881 | 213008813 | 第一借阅区/ [索取号:D691.71/300] | 在馆 | |
| 4 | 1300882 | 213008822 | 第一借阅区/ [索取号:D691.71/300] | 在馆 |